000 00469nam a2200181Ia 4500
003 OSt
005 20250117161431.0
008 210210b1949 xxu||||| |||| 00| 0 eng d
040 _cAL
041 _akan
082 _a859/72
100 _aKRASHNARAYA (A N)
_9148214
_dಕೃಷ್ಣರಾಯ (ಅ ನ ಕೃ).
245 _aShilpi:
_bಶಿಲ್ಫಿ
260 _aBengaluru
_b-
_c1949
690 _aKannada Fiction
_9148215
906 _a020855
942 _2ddc
_cBK
999 _c145013
_d145013